Questions de morale (Record no. 162796)

MARC details
000 -LEADER
campo de control de longitud fija 00881nam a22002175i 4500
001 - NÚMERO DE CONTROL
campo de control 162796
003 - IDENTIFICADOR DE NÚMERO DE CONTROL
campo de control ES-MaACL
005 - FECHA Y HORA DE LA ÚLTIMA TRANSACCIÓN
campo de control 20250805062614.0
008 - DATOS DE LONGITUD FIJA--INFORMACIÓN GENERAL
campo de control de longitud fija 020924s1900 fr |||| | fre d
040 ## - FUENTE DE CATALOGACIÓN
Centro catalogador/agencia de origen CCPB | B
Lengua de catalogación spa
Centro/agencia transcriptor CCPB | B
245 00 - MENCIÓN DEL TÍTULO
Título Questions de morale
Resto del título : leçons professées au Collège Libre des Sciences sociales /
Mención de responsabilidad, etc. par G. Belot [et al.].
260 ## - PUBLICACIÓN, DISTRIBUCIÓN, ETC.
Lugar de publicación, distribución, etc. Paris :
Nombre del editor, distribuidor, etc. Ancienne Librairie Germer Baillière et Cie, Félix Alcan, éditeur,
Fecha de publicación, distribución, etc. 1900 (
Lugar de fabricación/manufactura Évreux :
Fabricante imprimerie de Charles Hérissey)
300 ## - DESCRIPCIÓN FÍSICA
Extensión XI, 331 p. ;
Dimensiones 22 cm.
490 1# - MENCIÓN DE SERIE
Mención de serie Bibliothèque générale des sciences sociales ;
Designación de volumen o secuencia 7
650 #7 - PUNTO DE ACCESO ADICIONAL DE MATERIA--TÉRMINO DE MATERIA
Término de materia o nombre geográfico como elemento de entrada Ética
Fuente del encabezamiento o término embne
9 (RLIN) 12577
650 #7 - PUNTO DE ACCESO ADICIONAL DE MATERIA--TÉRMINO DE MATERIA
Término de materia o nombre geográfico como elemento de entrada Sociología
Fuente del encabezamiento o término embne
9 (RLIN) 17195
700 0# - ENTRADA AGREGADA--NOMBRE PERSONAL
Nombre de persona Belot, Gustave.
9 (RLIN) 27319
830 00 - PUNTO DE ACCESO ADICIONAL DE SERIE-TÍTULO UNIFORME
Título uniforme Bibliothèque générale des sciences sociales
Designación de volumen o secuencia 7
9 (RLIN) 187778
852 ## - LOCALIZACIÓN
Ubicación ES-MaACL
Número de control de estantería C-23087
Nota libre -- Enc. ed. en tela
Holdings
Estatus retirado Estado de pérdida Estado de daño No para préstamo Colección Biblioteca de origen Biblioteca actual Ubicación en estantería Fecha de adquisición Fuente de adquisición Total de préstamos Signatura topográfica completa Código de barras Visto por última vez Precio de reemplazo Tipo de ítem Koha
        Libros del s. XIX Biblioteca del Ateneo de Madrid Biblioteca del Ateneo de Madrid Depósito 2 17/01/2008     C-23087 1170566 23/02/2023 23/02/2023 Libro impreso antiguo